000
00287nam a22001337a 4500
999
_c
534034
_d
534034
020
_a
1400079985
040
_c
MSOHAIL
082
_a
891.733
100
_a
Leo Tolstoy
_9
27918
245
_a
War and Peace
260
_a
Newyork
_b
Vintage;
_c
c2002
300
_a
1386;p
942
_2
ddc
_c
BK